[Event "Junior Online 4NCL Division 3"]
[Site "online"]
[Date "2021.04.01"]
[EventDate "2021.04.01"]
[Round "6.31"]
[White "Bhattacharjee, Aaditya"]
[WhiteElo "250"]
[WhiteTeam "East Kilbride Rooks"]
[Black "Wastney, Dylan"]
[BlackElo "1330"]
[BlackTeam "Surrey Kings 2"]
[Result "0-1"]
[PlyCount "93"]

1. e4 c5 2. Nf3 d6 3. c3 Nf6 4. Be2 Nc6 5. d4 cxd4 6. cxd4 e6 7. Nc3 Be7 8. O-O O-O 9. Bf4 h6 10. Qc2 d5 11. e5 Nh5 12. Bg3 Nxg3 13. hxg3 Qb6 14. Qd3 f6 15. Na4 Qc7 16. Bd1 fxe5 17. dxe5 Nxe5 18. Nxe5 Qxe5 19. Bc2 Qf5 20. Qxf5 exf5 21. Rfe1 Bf6 22. Rad1 Bd7 23. Rxd5 Bxa4 24. Bxa4 Bxb2 25. Rb5 Bc3 26. Re3 Bd4 27. Re7 Rae8 28. Rbxb7 Rxe7 29. Rxe7 Rb8 30. Bb3+ Kh7 31. Kf1 Rc8 32. Ke2 Bc5 33. Re6 Rd8 34. Bc2 g6 35. Rf6 Kg7 36. Re6 Bb4 37. Kf3 Rd2 38. Bb3 g5 39. Rc6 Rd3+ 40. Ke2 Rd7 41. Be6 Re7 42. Ra6 Kf6 43. Kd3 Rxe6 44. Rxe6+ Kxe6 45. Kc4 Be1 46. f3 Bxg3 47. Kb5 0-1

[Event "Junior Online 4NCL Division 3"]
[Site "online"]
[Date "2021.04.01"]
[EventDate "2021.04.01"]
[Round "6.32"]
[White "Josse, Ben"]
[WhiteElo "1232"]
[WhiteTeam "Surrey Kings 2"]
[Black "Israni, Ishita"]
[BlackElo "302"]
[BlackTeam "East Kilbride Rooks"]
[Result "1-0"]
[PlyCount "47"]

1. e4 e5 2. Nf3 Nc6 3. Bc4 Bc5 4. c3 h6 5. d4 exd4 6. cxd4 Bb4+ 7. Nc3 Nf6 8. e5 Nh7 9. O-O Ng5 10. Be3 d6 11. exd6 Qxd6 12. Re1 Bxc3 13. bxc3 Bf5 14. Bf4+ Qe6 15. Bxe6 Bxe6 16. Bxg5 hxg5 17. Nxg5 Nd8 18. d5 Rh5 19. Qxh5 g6 20. Qh4 a5 21. dxe6 fxe6 22. Nxe6 Rc8 23. Nxd8+ Kd7 24. Rad1# 1-0

[Event "Junior Online 4NCL Division 3"]
[Site "online"]
[Date "2021.04.01"]
[EventDate "2021.04.01"]
[Round "6.33"]
[White "Biswas, Snigdha"]
[WhiteElo "295"]
[WhiteTeam "East Kilbride Rooks"]
[Black "Lee, Damin"]
[BlackElo "1149"]
[BlackTeam "Surrey Kings 2"]
[Result "0-1"]
[PlyCount "38"]

1. e4 e5 2. Nf3 Nc6 3. Nc3 Bc5 4. Bb5 d6 5. Bxc6+ bxc6 6. d4 exd4 7. Nxd4 Bb7 8. Nf3 Nf6 9. Bg5 h6 10. Bxf6 Qxf6 11. Qe2 O-O 12. e5 dxe5 13. Nxe5 Rfe8 14. f4 Qxf4 15. Kd1 Rad8+ 16. Ke1 Rxe5 17. Qxe5 Qxe5+ 18. Kf1 Qf4+ 19. Ke1 Qf2# 0-1

[Event "Junior Online 4NCL Division 3"]
[Site "online"]
[Date "2021.04.01"]
[EventDate "2021.04.01"]
[Round "6.34"]
[White "Peverett, Kian"]
[WhiteElo "925"]
[WhiteTeam "Surrey Kings 2"]
[Black "Vinodh, Sampriti"]
[BlackElo "197"]
[BlackTeam "East Kilbride Rooks"]
[Result "1-0"]
[PlyCount "57"]

1. e4 e5 2. Nf3 Nc6 3. d4 exd4 4. Bc4 Bc5 5. c3 Nf6 6. e5 Ng4 7. O-O d6 8. h3 Ngxe5 9. Nxe5 dxe5 10. cxd4 exd4 11. Re1+ Be6 12. Bxe6 fxe6 13. Rxe6+ Ne7 14. Qh5+ g6 15. Qxc5 b6 16. Qe5 Rg8 17. Bg5 Rg7 18. Qxg7 Kd7 19. Rxe7+ Kd6 20. Re6+ Kxe6 21. Bxd8 Rxd8 22. Qxc7 Rd7 23. Qc4+ Ke7 24. Nd2 Rd6 25. Re1+ Kd7 26. Qf7+ Kc6 27. Rc1+ Kb5 28. Qc4+ Ka5 29. Nb3# 1-0

[Event "Junior Online 4NCL Division 3"]
[Site "online"]
[Date "2021.04.01"]
[EventDate "2021.04.01"]
[Round "6.35"]
[White "Wastney, Dylan"]
[WhiteElo "1330"]
[WhiteTeam "Surrey Kings 2"]
[Black "Bhattacharjee, Aaditya"]
[BlackElo "250"]
[BlackTeam "East Kilbride Rooks"]
[Result "1-0"]
[PlyCount "29"]

1. e4 e5 2. Nf3 Nf6 3. Nxe5 Nc6 4. Nf3 Nxe4 5. Nc3 Nxc3 6. dxc3 Bc5 7. Bc4 O-O 8. O-O d6 9. h3 Re8 10. Ng5 Qd7 11. Bxf7+ Kf8 12. Bxe8 Kxe8 13. Qh5+ g6 14. Re1+ Kd8 15. Qh6 1-0

[Event "Junior Online 4NCL Division 3"]
[Site "online"]
[Date "2021.04.01"]
[EventDate "2021.04.01"]
[Round "6.36"]
[White "Israni, Ishita"]
[WhiteElo "302"]
[WhiteTeam "East Kilbride Rooks"]
[Black "Josse, Ben"]
[BlackElo "1232"]
[BlackTeam "Surrey Kings 2"]
[Result "0-1"]
[PlyCount "60"]

1. e4 e6 2. Nf3 d5 3. e5 c5 4. d4 cxd4 5. Nxd4 Nc6 6. Bb5 Qb6 7. Be3 Bc5 8. Nc3 Bd7 9. Bxc6 Bxc6 10. Nxc6 Qxc6 11. O-O Ne7 12. b3 Bxe3 13. Ne2 Bb6 14. Nf4 Ng6 15. Nd3 O-O-O 16. Nb4 Qc3 17. a3 Nxe5 18. Re1 Nc6 19. Na2 Qf6 20. b4 Bxf2+ 21. Kh1 Bxe1 22. Qxe1 d4 23. Rd1 e5 24. c3 d3 25. Qe4 Qe6 26. Nc1 f5 27. Qe3 d2 28. Nb3 Qxb3 29. Qg3 f4 30. Qg4+ Kb8 0-1

[Event "Junior Online 4NCL Division 3"]
[Site "online"]
[Date "2021.04.01"]
[EventDate "2021.04.01"]
[Round "6.37"]
[White "Lee, Damin"]
[WhiteElo "1149"]
[WhiteTeam "Surrey Kings 2"]
[Black "Biswas, Snigdha"]
[BlackElo "295"]
[BlackTeam "East Kilbride Rooks"]
[Result "1-0"]
[PlyCount "49"]

1. e4 e5 2. Nf3 Nc6 3. Bc4 Bc5 4. d3 d6 5. Nc3 Nf6 6. O-O O-O 7. h3 h6 8. Re1 Bd4 9. Nxd4 exd4 10. Nd5 Nxd5 11. Bxd5 Ne5 12. f4 Nc6 13. Bxc6 bxc6 14. f5 d5 15. Qg4 dxe4 16. Bxh6 Qf6 17. Bg5 Qd6 18. Rxe4 c5 19. Be7 Bxf5 20. Qxf5 Qb6 21. Bxf8 Rxf8 22. Rh4 f6 23. Qd5+ Rf7 24. Re1 c6 25. Re8# 1-0

[Event "Junior Online 4NCL Division 3"]
[Site "online"]
[Date "2021.04.01"]
[EventDate "2021.04.01"]
[Round "6.38"]
[White "Vinodh, Sampriti"]
[WhiteElo "197"]
[WhiteTeam "East Kilbride Rooks"]
[Black "Peverett, Kian"]
[BlackElo "925"]
[BlackTeam "Surrey Kings 2"]
[Result "0-1"]
[PlyCount "24"]

1. e4 c5 2. Bc4 e6 3. e5 Nc6 4. Nf3 a6 5. Nc3 b5 6. Bb3 c4 7. Ba4 bxa4 8. Nxa4 Qa5 9. Nc3 Nxe5 10. Nxe5 Qxe5+ 11. Ne2 Bd6 12. O-O Qxh2# 0-1

[Event "Junior Online 4NCL Division 3"]
[Site "online"]
[Date "2021.04.01"]
[EventDate "2021.04.01"]
[Round "6.41"]
[White "Vyas, Alisha"]
[WhiteElo "1738"]
[WhiteTeam "Barnet Knights B"]
[Black "Suyash Srikanta Prasad"]
[BlackElo "1735"]
[BlackTeam "Maidenhead Juniors 1"]
[Result "1-0"]
[PlyCount "77"]

1. e4 c5 2. c3 d5 3. exd5 Qxd5 4. d4 cxd4 5. cxd4 Nc6 6. Nf3 Bg4 7. Be2 e6 8. Nc3 Bb4 9. Bd2 Bxc3 10. Bxc3 Nf6 11. O-O O-O 12. h3 Bh5 13. Qd3 Ne4 14. Rfd1 Nxc3 15. bxc3 Bg6 16. Qd2 Rad8 17. Bd3 Bxd3 18. Qxd3 e5 19. c4 Qd7 20. d5 f5 21. Qc3 e4 22. Ng5 Qe7 23. Ne6 Nb8 24. Nxf8 Rxf8 25. d6 Qe6 26. c5 f4 27. Qb3 Qxb3 28. axb3 a6 29. Rd4 Nd7 30. b4 Re8 31. Re1 e3 32. Rxf4 exf2+ 33. Kxf2 Rd8 34. Re7 Nf6 35. Rxb7 h6 36. Rd4 Rf8 37. Kg1 Rd8 38. c6 Rc8 39. d7 1-0

[Event "Junior Online 4NCL Division 3"]
[Site "online"]
[Date "2021.04.01"]
[EventDate "2021.04.01"]
[Round "6.42"]
[White "Wenninger, Maxim"]
[WhiteElo "1672"]
[WhiteTeam "Maidenhead Juniors 1"]
[Black "Angelopoulos, Andreas"]
[BlackElo "1639"]
[BlackTeam "Barnet Knights B"]
[Result "1-0"]
[PlyCount "139"]

1. e4 c5 2. Nf3 d6 3. d4 cxd4 4. Nxd4 Nf6 5. Nc3 g6 6. Be3 Bg7 7. Bc4 O-O 8. O-O Nc6 9. a3 Bd7 10. h3 a6 11. Qd2 Qc7 12. Ba2 Ne5 13. Bh6 Nc4 14. Bxc4 Qxc4 15. Bxg7 Kxg7 16. f4 e5 17. fxe5 dxe5 18. Nf5+ Bxf5 19. exf5 Rad8 20. Qg5 Qd4+ 21. Kh1 Qd2 22. Qg3 Qd6 23. fxg6 fxg6 24. Rad1 Qe7 25. Rfe1 Rxd1 26. Nxd1 Re8 27. Nc3 e4 28. Qe3 Qc7 29. Qd4 Qe5 30. Qxe5 Rxe5 31. Kh2 e3 32. Kg3 Ne4+ 33. Nxe4 Rxe4 34. Kf3 Rc4 35. c3 Rc5 36. Rxe3 Rb5 37. Re2 Rf5+ 38. Ke4 Kf6 39. Kd4 b6 40. Ke3 Re5+ 41. Kf3 Rf5+ 42. Kg3 Rg5+ 43. Kh2 Rf5 44. g4 Rb5 45. Kg3 g5 46. h4 h6 47. hxg5+ hxg5 48. Kf3 a5 49. Rd2 Ke7 50. Ke4 Ke6 51. Kd3 Rd5+ 52. Kc2 Re5 53. Rd4 b5 54. Kd3 a4 55. c4 bxc4+ 56. Rxc4 Rb5 57. Kc3 Rb3+ 58. Kc2 Rg3 59. Rxa4 Ke5 60. Rc4 Rf3 61. a4 Rf4 62. Rxf4 Kxf4 63. a5 Kxg4 64. a6 Kh3 65. a7 g4 66. a8=Q g3 67. Qh1+ Kg4 68. b3 Kf4 69. b4 Ke3 70. b5 1-0

[Event "Junior Online 4NCL Division 3"]
[Site "online"]
[Date "2021.04.01"]
[EventDate "2021.04.01"]
[Round "6.43"]
[White "Sarkar, Rian"]
[WhiteElo "1592"]
[WhiteTeam "Barnet Knights B"]
[Black "Koppuravuri, Shrihan"]
[BlackElo "1552"]
[BlackTeam "Maidenhead Juniors 1"]
[Result "1/2-1/2"]
[PlyCount "115"]

1. d4 d5 2. c4 c6 3. Nf3 Nf6 4. Nc3 Bg4 5. Bg5 e6 6. e3 Nbd7 7. cxd5 cxd5 8. Be2 Be7 9. O-O O-O 10. Rc1 Rc8 11. Qb3 Nb6 12. h3 Bh5 13. Rfe1 Ne4 14. Bxe7 Qxe7 15. Nh2 Bxe2 16. Nxe2 Nc4 17. Nf3 Qf6 18. Nc3 Ncd2 19. Nxe4 Nxf3+ 20. gxf3 dxe4 21. fxe4 b6 22. e5 Qf5 23. e4 Qg5+ 24. Qg3 Qxc1 25. Rxc1 Rxc1+ 26. Kg2 Rfc8 27. d5 exd5 28. exd5 R1c5 29. d6 Rd8 30. Qh4 Rcc8 31. Qe7 Ra8 32. f4 h6 33. Kg3 a5 34. a4 Rab8 35. Kg4 Re8 36. Qd7 Red8 37. Qc7 Rdc8 38. Qe7 Re8 39. Qd7 Red8 40. Qa7 Kf8 41. f5 Kg8 42. b3 Kf8 43. Qe7+ Kg8 44. e6 fxe6 45. fxe6 Re8 46. Qf7+ Kh7 47. d7 Rf8 48. e7 Rxf7 49. e8=Q Rf8 50. Qe4+ Kh8 51. Kh5 Rbd8 52. Qe7 Rg8 53. Kg6 Rdf8 54. Kh5 Rd8 55. Kg6 Rdf8 56. Kh5 Rf5+ 57. Kg4 Rff8 58. Kh5 1/2-1/2

[Event "Junior Online 4NCL Division 3"]
[Site "online"]
[Date "2021.04.01"]
[EventDate "2021.04.01"]
[Round "6.44"]
[White "Rao, Shree"]
[WhiteElo "1392"]
[WhiteTeam "Maidenhead Juniors 1"]
[Black "Belur, Ankita"]
[BlackElo "1457"]
[BlackTeam "Barnet Knights B"]
[Result "0-1"]
[PlyCount "86"]

1. d4 d6 2. Bf4 Nf6 3. e3 g6 4. Nd2 Bg7 5. Ngf3 c6 6. Nc4 b5 7. Ncd2 a6 8. h3 Nbd7 9. Be2 O-O 10. O-O Bb7 11. c3 Rc8 12. e4 Re8 13. e5 dxe5 14. Nxe5 Nd5 15. Bg3 Nxe5 16. Bxe5 Bxe5 17. dxe5 Qc7 18. f4 Red8 19. Rf3 Qb6+ 20. Kh1 Ne3 21. Qg1 Rxd2 22. Rxe3 Rxb2 23. Bg4 e6 24. Re2 Qxg1+ 25. Kxg1 Rxe2 26. Bxe2 Rd8 27. Rd1 Rxd1+ 28. Bxd1 Kf8 29. g4 c5 30. Kf2 Ke7 31. h4 a5 32. h5 gxh5 33. gxh5 b4 34. cxb4 axb4 35. Ke3 Kd7 36. Kd3 Kc6 37. Kc4 Ba6+ 38. Kb3 Kd5 39. Bf3+ Kd4 40. Kc2 Ke3 41. Bg2 Kxf4 42. Kd2 Kxe5 43. Ke3 Bc4 0-1

[Event "Junior Online 4NCL Division 3"]
[Site "online"]
[Date "2021.04.01"]
[EventDate "2021.04.01"]
[Round "6.45"]
[White "Suyash Srikanta Prasad"]
[WhiteElo "1735"]
[WhiteTeam "Maidenhead Juniors 1"]
[Black "Vyas, Alisha"]
[BlackElo "1738"]
[BlackTeam "Barnet Knights B"]
[Result "1/2-1/2"]
[PlyCount "98"]

1. e4 c5 2. c3 d5 3. exd5 Qxd5 4. d4 Nc6 5. Nf3 Bg4 6. Be2 Nf6 7. h3 Bf5 8. Be3 cxd4 9. cxd4 Bxb1 10. Qxb1 g6 11. b3 Bg7 12. Bc4 Qd6 13. O-O O-O 14. Qc2 Rac8 15. Rac1 a6 16. Qd2 Rfd8 17. Rfd1 Ne4 18. Qd3 Nf6 19. Ne5 e6 20. Nxc6 Rxc6 21. Bg5 b5 22. Qf3 bxc4 23. Bxf6 Rdc8 24. Bxg7 Kxg7 25. d5 Rc5 26. Qc3+ Kg8 27. bxc4 exd5 28. Qa3 Qc7 29. Qxa6 Rxc4 30. Rxc4 Qxc4 31. Qxc4 dxc4 32. Rc1 Ra8 33. Rc2 Kg7 34. Kf1 Kf6 35. Ke2 Ke5 36. Rxc4 Rxa2+ 37. Ke3 Ra3+ 38. Ke2 h5 39. Rc7 Kf6 40. f3 Ke6 41. Kf2 f5 42. Rc6+ Kf7 43. Kg3 Ra4 44. f4 Ra2 45. Rb6 Rc2 46. Rd6 Ra2 47. Rb6 Rc2 48. Rb7+ Kf6 49. Rb6+ Kf7 1/2-1/2

[Event "Junior Online 4NCL Division 3"]
[Site "online"]
[Date "2021.04.01"]
[EventDate "2021.04.01"]
[Round "6.46"]
[White "Angelopoulos, Andreas"]
[WhiteElo "1639"]
[WhiteTeam "Barnet Knights B"]
[Black "Wenninger, Maxim"]
[BlackElo "1672"]
[BlackTeam "Maidenhead Juniors 1"]
[Result "0-1"]
[PlyCount "132"]

1. d4 Nf6 2. c4 c5 3. d5 b5 4. cxb5 a6 5. bxa6 Bxa6 6. Nc3 d6 7. e4 Bxf1 8. Kxf1 Nbd7 9. Nf3 g6 10. Ke2 Bg7 11. Qc2 O-O 12. Re1 Ng4 13. h3 Nge5 14. Nxe5 Nxe5 15. Kf1 f5 16. b3 Qb6 17. Bb2 Rab8 18. Rab1 c4 19. Na4 cxb3 20. Bxe5 Bxe5 21. axb3 Qb5+ 22. Qe2 Qb7 23. Rec1 fxe4 24. Qxe4 Rf4 25. Qd3 Rbf8 26. f3 Rd4 27. Qe2 Rxd5 28. Qc4 Kg7 29. Nc3 Rd2 30. Ne4 Rd4 31. Qe2 Rxe4 32. Qc2 Ref4 33. Kg1 Qb6+ 34. Kh1 Rd4 35. Re1 Qb4 36. Qc7 Bf6 37. Re2 Rd2 38. Re4 Qc5 39. Qxc5 dxc5 40. Rc1 Rc8 41. Rec4 Bd4 42. b4 Be3 43. Re4 Bg5 44. Re5 Rxg2 45. Rcxc5 Rxc5 46. bxc5 Bf6 47. Rxe7+ Bxe7 48. Kxg2 Bxc5 49. Kg3 Kf6 50. Kf4 Bd6+ 51. Kg4 h6 52. f4 h5+ 53. Kh4 Kf5 54. Kg3 Bxf4+ 55. Kh4 Bg5+ 56. Kg3 Bf6 57. Kf3 Kg5 58. Kg3 Be5+ 59. Kf3 Kh4 60. Kg2 g5 61. Kh1 Kxh3 62. Kg1 g4 63. Kh1 g3 64. Kg1 g2 65. Kf2 Kh2 66. Ke1 g1=Q+ 0-1

[Event "Junior Online 4NCL Division 3"]
[Site "online"]
[Date "2021.04.01"]
[EventDate "2021.04.01"]
[Round "6.47"]
[White "Koppuravuri, Shrihan"]
[WhiteElo "1552"]
[WhiteTeam "Maidenhead Juniors 1"]
[Black "Sarkar, Rian"]
[BlackElo "1592"]
[BlackTeam "Barnet Knights B"]
[Result "1/2-1/2"]
[PlyCount "67"]

1. e4 c5 2. Nf3 e6 3. c3 Nf6 4. e5 Nd5 5. d4 cxd4 6. cxd4 d6 7. Nc3 Nc6 8. Nxd5 exd5 9. Bb5 Qa5+ 10. Bd2 Qxb5 11. Bc3 dxe5 12. dxe5 Bg4 13. h3 Bh5 14. a4 Qb6 15. Qxd5 Rd8 16. Qe4 Bc5 17. O-O O-O 18. b4 Be7 19. b5 Bxf3 20. Qxf3 Nd4 21. Qg4 Ne6 22. Kh1 Qc5 23. Rac1 Qd5 24. f4 g6 25. f5 Nc7 26. f6 Bc5 27. Bb4 Bxb4 28. Rxc7 Bd2 29. Rd1 Qxe5 30. Rxb7 Qxf6 31. Rxa7 Rd4 32. Qe2 Bc3 33. Rf1 Qg5 34. Qf3 1/2-1/2

[Event "Junior Online 4NCL Division 3"]
[Site "online"]
[Date "2021.04.01"]
[EventDate "2021.04.01"]
[Round "6.48"]
[White "Belur, Ankita"]
[WhiteElo "1457"]
[WhiteTeam "Barnet Knights B"]
[Black "Rao, Shree"]
[BlackElo "1392"]
[BlackTeam "Maidenhead Juniors 1"]
[Result "1-0"]
[PlyCount "69"]

1. c4 e6 2. Nc3 Nf6 3. Nf3 Bb4 4. Qc2 O-O 5. a3 Bxc3 6. Qxc3 b6 7. g3 Bb7 8. Bg2 d6 9. d3 Nbd7 10. O-O Rc8 11. b4 c5 12. b5 a6 13. bxa6 Bxa6 14. Bb2 b5 15. Ng5 e5 16. Ne4 Nxe4 17. Bxe4 Nf6 18. Bf3 Re8 19. cxb5 Bxb5 20. Qb3 Rb8 21. Qc2 Bd7 22. Bg2 Qb6 23. Rfb1 Qc7 24. d4 exd4 25. Bxd4 Rxb1+ 26. Rxb1 Qd8 27. Be3 g6 28. Qc3 Bf5 29. Rd1 Ng4 30. Bxc5 Rxe2 31. Rxd6 Qc7 32. Bb4 Qxc3 33. Bxc3 h5 34. Rd8+ Kh7 35. Rh8# 1-0

[Event "Junior Online 4NCL Division 3"]
[Site "online"]
[Date "2021.04.01"]
[EventDate "2021.04.01"]
[Round "6.51"]
[White "Brozel, Sacha"]
[WhiteElo "2183"]
[WhiteTeam "Barnet Knights A"]
[Black "Modhura, Urbi"]
[BlackElo "1645"]
[BlackTeam "Temple Sutton Juniors"]
[Result "1/2-1/2"]
[PlyCount "120"]

1. g3 Nf6 2. Bg2 e6 3. c4 Be7 4. Nf3 d5 5. O-O O-O 6. d4 c5 7. cxd5 exd5 8. Nc3 Nc6 9. Bg5 Be6 10. dxc5 d4 11. Bxf6 Bxf6 12. Ne4 Be7 13. Qd3 Qd7 14. Rfd1 Rad8 15. a3 Bf5 16. Rac1 Qd5 17. Nfd2 Bxe4 18. Nxe4 Qe6 19. Qc4 Qxc4 20. Rxc4 f5 21. Nd6 Bxd6 22. cxd6 Rxd6 23. Bxc6 Rxc6 24. Rxc6 bxc6 25. Rxd4 Re8 26. e3 Rb8 27. b4 Rb5 28. Rd8+ Kf7 29. Rd7+ Kf6 30. Rxa7 Rd5 31. Ra6 Rd6 32. Kg2 Kg5 33. b5 Rd3 34. bxc6 Rc3 35. Kf3 Rc4 36. h4+ Kf6 37. c7+ Ke7 38. Ra7 Kd6 39. c8=Q Rxc8 40. Rxg7 h5 41. Rc7 Rxc7 42. Kf4 Ke6 43. Kg5 Rh7 44. a4 Ke5 45. f3 Ke6 46. a5 Ke5 47. a6 Rg7+ 48. Kxh5 Rxg3 49. a7 Rg8 50. Kh6 Ra8 51. Kg6 Rxa7 52. h5 Ra6+ 53. Kg7 Ke6 54. h6 Ra7+ 55. Kg6 Ra8 56. h7 Ke5 57. Kg7 Ra7+ 58. Kg6 Ra8 59. Kg7 Ra7+ 60. Kg6 Ra8 1/2-1/2

[Event "Junior Online 4NCL Division 3"]
[Site "online"]
[Date "2021.04.01"]
[EventDate "2021.04.01"]
[Round "6.52"]
[White "Yau, Ethan Y"]
[WhiteElo "1544"]
[WhiteTeam "Temple Sutton Juniors"]
[Black "Stoica, Savas Marin"]
[BlackElo "1897"]
[BlackTeam "Barnet Knights A"]
[Result "0-1"]
[PlyCount "114"]

1. e4 c5 2. Nf3 d6 3. h3 Nf6 4. Nc3 g6 5. Bb5+ Nbd7 6. d3 Bg7 7. Bg5 a6 8. Bxd7+ Bxd7 9. O-O O-O 10. Re1 b5 11. Nd5 Be6 12. c4 Bxd5 13. exd5 h6 14. Bh4 Rb8 15. Rb1 Rb7 16. b3 Qa5 17. Qc2 Rfb8 18. d4 bxc4 19. bxc4 Rxb1 20. Rxb1 Rxb1+ 21. Qxb1 cxd4 22. Nxd4 Qc3 23. Nc6 Qxc4 24. Bxf6 Bxf6 25. Qb7 Qxa2 26. Nxe7+ Bxe7 27. Qxe7 Qxd5 28. Qd8+ Kg7 29. Qb8 a5 30. Qb2+ Qe5 31. Qa3 Qe1+ 32. Kh2 Qb4 33. Qa1+ Kg8 34. f3 a4 35. Qc1 g5 36. Qc8+ Kg7 37. Qc1 Qf4+ 38. Qxf4 gxf4 39. Kg1 a3 40. Kf1 a2 41. Ke2 a1=Q 42. Kd3 Qf1+ 43. Ke4 Qxg2 44. Kxf4 Qxh3 45. Ke4 Kf6 46. f4 Qg2+ 47. Kd4 Kf5 48. Kc4 Kxf4 49. Kd4 h5 50. Kd3 h4 51. Kd4 h3 52. Kd3 h2 53. Kd4 h1=Q 54. Kd3 Qd1+ 55. Kc4 Qgc2+ 56. Kb4 Qdb1+ 57. Ka5 Qca2# 0-1

[Event "Junior Online 4NCL Division 3"]
[Site "online"]
[Date "2021.04.01"]
[EventDate "2021.04.01"]
[Round "6.53"]
[White "Kesterson, Kennan"]
[WhiteElo "1888"]
[WhiteTeam "Barnet Knights A"]
[Black "Audhora, Purba"]
[BlackElo "1528"]
[BlackTeam "Temple Sutton Juniors"]
[Result "1-0"]
[PlyCount "49"]

1. e4 e5 2. Nf3 Nc6 3. Bc4 Nf6 4. d3 Bc5 5. c3 h6 6. Bb3 O-O 7. Nbd2 d6 8. Qe2 Ne7 9. h3 Ng6 10. Nf1 Be6 11. Ng3 c6 12. O-O Qe7 13. d4 exd4 14. cxd4 Bxb3 15. dxc5 Be6 16. cxd6 Qd7 17. Rd1 Rfe8 18. Be3 b6 19. Rac1 Rad8 20. b3 Qb7 21. Qc2 c5 22. b4 cxb4 23. Qb2 a5 24. Bxh6 gxh6 25. Qxf6 1-0

[Event "Junior Online 4NCL Division 3"]
[Site "online"]
[Date "2021.04.01"]
[EventDate "2021.04.01"]
[Round "6.54"]
[White "Summers, Dylan S"]
[WhiteElo "1532"]
[WhiteTeam "Temple Sutton Juniors"]
[Black "Sanfey, Gregor"]
[BlackElo "1769"]
[BlackTeam "Barnet Knights A"]
[Result "0-1"]
[PlyCount "96"]

1. e4 d6 2. Nf3 Nf6 3. Bc4 Nxe4 4. O-O g6 5. Re1 Nf6 6. Nc3 Bg7 7. d3 O-O 8. Be3 c6 9. h3 d5 10. Bb3 Nbd7 11. d4 Qc7 12. Qd2 Re8 13. Bh6 e5 14. Bxg7 Kxg7 15. dxe5 Nxe5 16. Nxe5 Rxe5 17. Rxe5 Qxe5 18. Re1 Qh5 19. Qe3 Be6 20. a3 Re8 21. Qxa7 Ne4 22. Nxe4 dxe4 23. Bxe6 Rxe6 24. Qxb7 Qd5 25. Qb3 Qd2 26. Qc3+ Qxc3 27. bxc3 f5 28. Kh2 c5 29. Kg3 Ra6 30. Ra1 Kf6 31. Kf4 g5+ 32. Kg3 Ke5 33. h4 h6 34. hxg5 hxg5 35. f3 e3 36. a4 f4+ 37. Kh2 Rh6+ 38. Kg1 g4 39. a5 gxf3 40. gxf3 Rg6+ 41. Kf1 Rg3 42. Ke2 Rg2+ 43. Kf1 Rf2+ 44. Ke1 Rxf3 45. a6 Rh3 46. Ke2 Rh2+ 47. Kd3 Kd5 48. a7 Rd2# 0-1

[Event "Junior Online 4NCL Division 3"]
[Site "online"]
[Date "2021.04.01"]
[EventDate "2021.04.01"]
[Round "6.55"]
[White "Modhura, Urbi"]
[WhiteElo "1645"]
[WhiteTeam "Temple Sutton Juniors"]
[Black "Brozel, Sacha"]
[BlackElo "2183"]
[BlackTeam "Barnet Knights A"]
[Result "0-1"]
[PlyCount "52"]

1. e4 e6 2. d4 d5 3. Nc3 Bb4 4. exd5 exd5 5. a3 Bxc3+ 6. bxc3 Nc6 7. Nf3 Bf5 8. Bd3 Nge7 9. O-O Qd7 10. Re1 O-O-O 11. Bf4 f6 12. Nd2 Bxd3 13. cxd3 g5 14. Be3 h5 15. Nb3 b6 16. a4 a5 17. c4 h4 18. c5 Kb7 19. cxb6 cxb6 20. Rb1 Ka7 21. Qc2 Nb4 22. Qd2 h3 23. g3 Qf5 24. Qe2 Ng6 25. Red1 Rc8 26. Rb2 Rhe8 0-1

[Event "Junior Online 4NCL Division 3"]
[Site "online"]
[Date "2021.04.01"]
[EventDate "2021.04.01"]
[Round "6.56"]
[White "Stoica, Savas Marin"]
[WhiteElo "1897"]
[WhiteTeam "Barnet Knights A"]
[Black "Yau, Ethan Y"]
[BlackElo "1544"]
[BlackTeam "Temple Sutton Juniors"]
[Result "1-0"]
[PlyCount "103"]

1. d4 Nf6 2. c4 c5 3. d5 b5 4. cxb5 a6 5. bxa6 Qa5+ 6. Bd2 Qxa6 7. Nc3 Qd6 8. e4 e6 9. Qe2 Ba6 10. Nb5 Qb6 11. Nf3 Bxb5 12. Qxb5 Qxb5 13. Bxb5 Nxe4 14. dxe6 fxe6 15. Bf4 Be7 16. O-O O-O 17. Bxb8 Raxb8 18. Bxd7 Rxb2 19. Bxe6+ Kh8 20. Rae1 Nc3 21. Ne5 Ne2+ 22. Kh1 Nf4 23. Bc4 g6 24. Nf7+ Kg7 25. Rxe7 Kf6 26. Rc7 Ne6 27. Rc6 Rxf7 28. Rxe6+ Kg7 29. Kg1 Rb4 30. Bb3 c4 31. Re4 Rc7 32. Rc1 Kh6 33. Rexc4 Rcxc4 34. Rxc4 Rb8 35. g3 Rd8 36. a4 Rd3 37. Rb4 Rc3 38. a5 Rc1+ 39. Kg2 Ra1 40. Ba4 Re1 41. a6 Re7 42. Rb7 Re6 43. a7 Ra6 44. Bb3 Ra5 45. Bg8 Kg5 46. Bxh7 Kh5 47. h4 g5 48. hxg5 Kxg5 49. Be4 Kf6 50. a8=Q Rxa8 51. Rb6+ Ke7 52. Bxa8 1-0

[Event "Junior Online 4NCL Division 3"]
[Site "online"]
[Date "2021.04.01"]
[EventDate "2021.04.01"]
[Round "6.57"]
[White "Audhora, Purba"]
[WhiteElo "1528"]
[WhiteTeam "Temple Sutton Juniors"]
[Black "Kesterson, Kennan"]
[BlackElo "1888"]
[BlackTeam "Barnet Knights A"]
[Result "0-1"]
[PlyCount "64"]

1. e4 e6 2. d4 d5 3. Nc3 Bb4 4. Bd3 dxe4 5. Bxe4 Nf6 6. Bg5 Nbd7 7. a3 Be7 8. Bd3 O-O 9. Nf3 c5 10. Ne2 b6 11. c3 a5 12. Ng3 Ba6 13. c4 cxd4 14. Nxd4 Ne5 15. Bxf6 Nxd3+ 16. Qxd3 Bxf6 17. Rd1 Rc8 18. Qe4 Rxc4 19. Nge2 Qd6 20. Qe3 Rd8 21. O-O Bxd4 22. Nxd4 Rxd4 23. Rxd4 Qxd4 24. Qxd4 Rxd4 25. Rc1 g6 26. h3 Rd6 27. g4 Kg7 28. Kg2 Kf6 29. Kg3 g5 30. Rc3 Bd3 31. f3 Bg6 32. h4 h6 0-1

[Event "Junior Online 4NCL Division 3"]
[Site "online"]
[Date "2021.04.01"]
[EventDate "2021.04.01"]
[Round "6.58"]
[White "Sanfey, Gregor"]
[WhiteElo "1769"]
[WhiteTeam "Barnet Knights A"]
[Black "Summers, Dylan S"]
[BlackElo "1532"]
[BlackTeam "Temple Sutton Juniors"]
[Result "1-0"]
[PlyCount "43"]

1. e4 e5 2. Nf3 Nc6 3. Bb5 Nf6 4. O-O a6 5. Bxc6 bxc6 6. d3 Bc5 7. Nxe5 Qe7 8. Nc4 O-O 9. Nc3 d5 10. exd5 cxd5 11. Re1 Qd7 12. Ne5 Qd6 13. d4 Bb4 14. Bf4 Qb6 15. g4 Bxc3 16. bxc3 h6 17. h4 Re8 18. g5 hxg5 19. hxg5 Ne4 20. Qh5 f6 21. Qxe8+ Kh7 22. g6# 1-0

[Event "Junior Online 4NCL Division 3"]
[Site "online"]
[Date "2021.04.01"]
[EventDate "2021.04.01"]
[Round "6.61"]
[White "Thompson, Alex"]
[WhiteElo "1554"]
[WhiteTeam "Surrey Kings 1"]
[Black "Patel, Aaron"]
[BlackElo "1062"]
[BlackTeam "Harrow Juniors E"]
[Result "1-0"]
[PlyCount "41"]

1. d4 e5 2. dxe5 Bc5 3. Nf3 d6 4. exd6 Ne7 5. Bg5 f6 6. Bf4 Nbc6 7. Nc3 cxd6 8. e4 Bg4 9. Be2 g5 10. Bg3 h5 11. h4 gxh4 12. Bxh4 Rf8 13. Qd2 f5 14. O-O-O fxe4 15. Nxe4 Bb6 16. Nxd6+ Kd7 17. Nxb7+ Kc8 18. Nxd8 Rxd8 19. Qc3 Ba5 20. Rxd8+ Kxd8 21. Qxc6 1-0

[Event "Junior Online 4NCL Division 3"]
[Site "online"]
[Date "2021.04.01"]
[EventDate "2021.04.01"]
[Round "6.62"]
[White "Grahame, Edgar"]
[WhiteElo "993"]
[WhiteTeam "Harrow Juniors E"]
[Black "Pradhan, Ayan"]
[BlackElo "1475"]
[BlackTeam "Surrey Kings 1"]
[Result "1/2-1/2"]
[PlyCount "103"]

1. e4 e6 2. Nc3 d5 3. exd5 exd5 4. d3 Nf6 5. Nf3 Bd6 6. Bg5 Nbd7 7. Be2 c6 8. Bxf6 Qxf6 9. O-O O-O 10. d4 Re8 11. Re1 Nb6 12. h3 Qg6 13. Bd3 Rxe1+ 14. Nxe1 Qe6 15. Qe2 Qxe2 16. Nxe2 Bd7 17. Nf3 Na4 18. b3 Nb6 19. Re1 Re8 20. Nc3 Rxe1+ 21. Nxe1 Bb4 22. Nxd5 cxd5 23. Nf3 a5 24. Ne5 Be6 25. c4 dxc4 26. Bxc4 Bxc4 27. bxc4 f6 28. c5 Nd5 29. Nc4 Bc3 30. g4 Bxd4 31. Nxa5 Bxc5 32. Nxb7 Bd4 33. Nd6 g6 34. Ne4 Kf7 35. Nd6+ Ke6 36. Ne4 f5 37. Ng5+ Kf6 38. Nxh7+ Kg7 39. Ng5 fxg4 40. Ne6+ Kf6 41. Nxd4 gxh3 42. Kh2 Nb4 43. a3 Nd5 44. Kxh3 Ke5 45. Nc6+ Kd6 46. Nd4 Kc5 47. Ne6+ Kc4 48. Kg4 Kb3 49. f4 Kxa3 50. Kg5 Kb4 51. Kxg6 Nxf4+ 52. Nxf4 1/2-1/2